Central Library OPAC University of Rajshahi

যুগ - স্রস্টা নজরুল / (Record no. 64602)

MARC details
000 -LEADER
fixed length control field 00768nam a2200205 a 4500
001 - CONTROL NUMBER
control field 64602
003 - CONTROL NUMBER IDENTIFIER
rucl marc code BD-RjUL
005 - DATE AND TIME OF LATEST TRANSACTION
control field 20211209081327.0
008 - FIXED-LENGTH DATA ELEMENTS--GENERAL INFORMATION
fixed length control field 170216s1968 bg ||||| |||| 00| 0 ben d
035 ## - SYSTEM CONTROL NUMBER
System control number (BD-RjUL)
040 ## - CATALOGING SOURCE
Original cataloging agency BD-RjUL
Language of cataloging eng
Transcribing agency BD-RjUL
041 ## - LANGUAGE CODE
Language code of text/sound track or separate title eng
082 ## - DEWEY DECIMAL CLASSIFICATION NUMBER
Edition number 23
Classification number 891.4415
Author mark and year MOZ 1968
100 1# - MAIN ENTRY--PERSONAL NAME
Personal name মঈনুদ্দীন, খান মুহাম্মদ
9 (RLIN) 191607
245 10 - TITLE STATEMENT
Title যুগ - স্রস্টা নজরুল /
Statement of responsibility, etc. খান মুহাম্মদ মঈনুদ্দীন
260 ## - PUBLICATION, DISTRIBUTION, ETC. (IMPRINT)
Place of publication, distribution, etc. ঢাকা :
Name of publisher, distributor, etc. আলহামরা,
Date of publication, distribution, etc. ১৯৬৮।
300 ## - PHYSICAL DESCRIPTION
Pagination ৩০১, ;
Size ২০ সেমি.।
600 ## - SUBJECT ADDED ENTRY--PERSONAL NAME
Personal name ইসলা্ম, কাজী নজরুল
Dates associated with a name ১৮৯৯-১৯৭৬
942 ## - ADDED ENTRY ELEMENTS (KOHA)
Source of classification or shelving scheme Dewey Decimal Classification
Koha item type Books
Holdings
Lost status Source of classification or shelving scheme Damaged status Not for loan Collection code Permanent Location Current Location Shelving location Date acquired Source of acquisition Cost, normal purchase price Total Checkouts Full call number Date last seen Copy number Koha item type
  Dewey Decimal Classification   Not For Loan Non-fiction Central Library, University of Rajshahi Central Library, University of Rajshahi Reading Room 26/06/1970 Pakistan book centre 8.00   B 891.4415 MOZ 1968 16/02/2017 C-1 Books